An Introduction to Ground Improvement Engineering ( Useful Book for Researchers, Consultants, Engineering Students and Practicing Engineers) (Record no. 14597)
[ view plain ]
| 000 -LEADER | |
|---|---|
| fixed length control field | 00393nam a22001217a 4500 |
| 020 ## - INTERNATIONAL STANDARD BOOK NUMBER | |
| ISBN | 9789381714362 |
| 082 ## - DEWEY DECIMAL CLASSIFICATION NUMBER | |
| Classification number | 624.1513 |
| Item number | MIT/AN |
| 100 ## - MAIN ENTRY--AUTHOR NAME | |
| Personal name | Mittal,Satyendra |
| 245 ## - TITLE STATEMENT | |
| Title | An Introduction to Ground Improvement Engineering ( Useful Book for Researchers, Consultants, Engineering Students and Practicing Engineers) |
| 260 ## - PUBLICATION, DISTRIBUTION, ETC. (IMPRINT) | |
| Place of publication | New Delhi |
| Name of publisher | Medtec |
| Year of publication | 2013 |
| 300 ## - PHYSICAL DESCRIPTION | |
| Number of Pages | 284 |
| 942 ## - ADDED ENTRY ELEMENTS (KOHA) | |
| Koha item type | Books |
| Withdrawn status | Lost status | Damaged status | Collection code | Home library | Current library | Shelving location | Date acquired | Source of acquisition | Cost, normal purchase price | Full call number | Accession Number | Koha item type |
|---|---|---|---|---|---|---|---|---|---|---|---|---|
| KAUAET | KAUAET | General Stacks | 19/07/2016 | Dream Tech, Trivandrum | 295.00 | 624.1513 MIT/AN | 24771 | Books | ||||
| KAUAET | KAUAET | General Stacks | 21/07/2016 | Ganesh Book Centre | 295.00 | 624.1513 MIT/AN | 24866 | Books | ||||
| KAUAET | KAUAET | Scheme | 30/08/2016 | Dream Tech Publishers & Book Sellers, Thiruvanathapuram. | 325.00 | 624.1513 MIT/AN | BB 339 | Book Bank scheme for SC students | ||||
| KAUAET | KAUAET | 26/08/2022 | 624.1513 MIT/AN | 24907 | Books |
